Small & medium industries : Technological appraisal of a few firms:A report prepared for the Asian productivity Organization
Enregistré dans:
| Format: | Livre |
|---|---|
| Langue: | Undetermined |
| Publié: |
Tokyo
Asian Productivity Organization
1965
|
| Sujets: | |
| Tags: |
Ajouter un tag
Pas de tags, Soyez le premier à ajouter un tag!
|
| Thư viện lưu trữ: | Trung tâm Học liệu Trường Đại học Cần Thơ |
|---|
| LEADER | 00627nam a2200193Ia 4500 | ||
|---|---|---|---|
| 001 | CTU_106995 | ||
| 008 | 210402s9999 xx 000 0 und d | ||
| 082 | |a 338.6 | ||
| 082 | |b S635 | ||
| 245 | 0 | |a Small & medium industries : | |
| 245 | 0 | |b Technological appraisal of a few firms:A report prepared for the Asian productivity Organization | |
| 245 | 0 | |c Mr.Shigeru Yasutomi, Mr. Ypshiharu Tamaki | |
| 260 | |a Tokyo | ||
| 260 | |b Asian Productivity Organization | ||
| 260 | |c 1965 | ||
| 650 | |a Small business,Industries | ||
| 650 | |z Japan,Japan | ||
| 904 | |i M.Loan | ||
| 980 | |a Trung tâm Học liệu Trường Đại học Cần Thơ | ||